Normal view
MARC view
- النقود - البنوك - الاقتصاد
Entry Topical Term
001 - CONTROL NUMBER
- control field: 32250
003 - CONTROL NUMBER IDENTIFIER
- control field: JO-AjAnu
005 - DATE AND TIME OF LATEST TRANSACTION
- control field: 20230606075424.0
008 - FIXED-LENGTH DATA ELEMENTS
- fixed length control field: 230606|| aca||aabn | a|a d
040 ## - CATALOGING SOURCE
- Original cataloging agency: JO-AjAnu
- Transcribing agency: JO-AjAnu
150 ## - HEADING--TOPICAL TERM
- Topical term or geographic name entry element: النقود - البنوك - الاقتصاد
670 ## - SOURCE DATA FOUND
- Source citation: Work cat.: (JO-AjAnu)16564: السريتي،السيد محمد احمد /م.مشارك: محمد عزت محمد غزلان, author 32249, اقتصاديات النقود والبنوك والاسواق المالية